000 01505nam a2200325 a 4500
001 BRCA_3351
005 20190320204234.0
008 260309s1890----enka---###---#000-0#eng-#
041 _aeng
044 _aenk
084 _a645
_b.R68
_c1890
100 1 _aCervantes Saavedra, Miguel de
_d1547-1616
_9213
245 1 0 _aEl Ingenioso Hidalgo Don Quijote de la Mancha
_cComposed by Miguel de Cervantes Saavedra; Translated by Charles Jarvis with and Introduction by Henry Morley.
260 _aLondres
_bGeorge Routledge and Sons
_c1890
300 _a1 v. en 2 partes (xxxviii, 894 p.)
_bil.
_c21 cm.
500 _aContenido : Primera parte. Introducción por H. Morley. Versos preliminares. Prólogo del autor. Segunda parte. Prólogo del autor
500 _aReimpresión de la traducción de Jarvis, con la introducción de H. Morley, publicada en 1885, por los mismos editores. Tela Lúdovik Osterc
500 _aEstado físico : Primeras páginas desprendidas. Encuadernación maltratada
500 _aQM1300
546 _aTexto en : inglés
650 1 4 _aNovela española
_yÉpoca clásica, 1500-1700
_9215
650 1 4 _aLiteratura española
_yÉpoca clásica, 1500-1700
_9216
650 1 4 _aNovela española
_ySiglo XVII
_9217
650 1 4 _aDon Quijote (Personaje ficticio)
_eNovela
_9218
700 1 _aJarvis, Charles
_d?-1739
_eTraductor
_98839
700 1 _aMorley, Henry
_d1822-1894
_eEditor
_98840
740 0 _aEl Ingenioso Hidalgo Don Quijote de la Mancha
902 _aQFM
942 _2lcc
_cB
999 _c3087
_d3087